[Event "EU-chT (Men) 14th"]
[Site "Plovdiv"]
[Date "2003.10.17"]
[Round "6.1"]
[White "Ponomariov, Ruslan"]
[Black "Graf, Alexander"]
[Result "1-0"]
[WhiteElo "2718"]
[BlackElo "2646"]
[Annotator "Wedberg,T"]
[PlyCount "75"]
[EventDate "2003.10.10"]
[EventType "team-swiss"]
[EventRounds "9"]
[EventCountry "BUL"]
[SourceTitle "CBM 098"]
[Source "ChessBase"]
[SourceDate "2004.02.03"]
[SourceVersion "1"]
[SourceVersionDate "2004.02.03"]
[SourceQuality "1"]
[WhiteTeam "Ukraine"]
[BlackTeam "Germany"]
[WhiteTeamCountry "UKR"]
[BlackTeamCountry "GER"]

1. e4 e5 2. Nf3 Nc6 3. Bb5 a6 4. Ba4 Nf6 5. O-O Be7 6. Re1 b5 7. Bb3 d6 8. c3
O-O 9. h3 Na5 10. Bc2 c5 11. d4 Nd7 12. Nbd2 exd4 13. cxd4 Nc6 14. d5 Nce5 15.
Nh2 $5 {In principle this is better than exchanging on e5. White has more
space and should keep as many pieces as possible on the board. Black must find
a way to deploy all his minor pieces.} g5 $5 $146 {[%mdl 8] An idea copied
from the Modern Benoni. The N is secured on e5, but the price is a permanent
weakening of f5.} (15... Ng6 16. g3 (16. Ndf1 Bg5 17. Ne3 Nde5 18. Nf5 Bxc1 19.
Qxc1 Ne7 20. f4 Nxf5 21. fxe5 Nd4 $13 {1/2-1/2 Anagnostopoulos,D-Skembris,S/
Athens 1996/CBM 55 ext (50)}) 16... Nf6 17. h4 Ne5 18. Ndf1 h5 19. Bf4 Nfg4 $13
{1/2-1/2 Ponomariov,R-Adams,M/Cap d'Agde 2003/CBM 98 no vc (29)}) 16. Ndf1 {
[%cal Yf1g3,Yg3f5]} Bf6 17. Qh5 Kh8 18. Ng3 Rg8 19. Ng4 Rg6 (19... Nxg4 $5 {
Black should take the chance to simplify the position.} 20. hxg4 Be5 21. Nf5
Nf6 22. Qh3 (22. Qxf7 Bxf5 23. exf5 Rg7 24. Qe6 Re7 25. Rxe5 Rxe6 26. Rxe6 Nxg4
$13) 22... Bxf5 $13) 20. Ne3 c4 21. Rb1 Nc5 22. b3 Ncd3 (22... g4 $5) 23. Bxd3
Nxd3 24. Rd1 Nxc1 25. Rdxc1 c3 {Blacks main problem is the square f5. After an
exchange on b3 White would have had the c-file as well.} 26. b4 $1 {Now c3 is
quite weak.} Bd7 (26... a5 $5) 27. Rc2 Qe7 28. Qf3 Re8 29. Re1 Qe5 30. Nh5 $1 {
[%csl Rc3] Aimed at c3.} g4 $6 (30... Qxe4 31. Qxf6+ $1 Rxf6 32. Nxf6 Qe5 33.
Nxe8 Bxe8 34. Rec1 $16) (30... Rc8 31. Ng4 Bxg4 32. Qxg4 Rc4 33. a3 $16) 31.
hxg4 Bd8 32. Qxf7 Bxg4 33. Nf4 Rgg8 34. Nxg4 Qg5 (34... Rxg4 35. Ne6 Reg8 36.
f4 Qf6 37. Qxf6+ Bxf6 38. e5 $18) 35. Rxc3 Ref8 (35... Qxg4 36. Rg3 Qc8 37. Rh3
$18) 36. Ng6+ Qxg6 37. Qxg6 Rxg6 38. Ne3 1-0

[Event "EU-chT (Men) 14th"]
[Site "Plovdiv"]
[Date "2003.10.18"]
[Round "7.1"]
[White "Damljanovic, Branko"]
[Black "Ponomariov, Ruslan"]
[Result "0-1"]
[WhiteElo "2589"]
[BlackElo "2718"]
[Annotator "Wedberg,T"]
[PlyCount "110"]
[EventDate "2003.10.10"]
[EventType "team-swiss"]
[EventRounds "9"]
[EventCountry "BUL"]
[SourceTitle "CBM 098"]
[Source "ChessBase"]
[SourceDate "2004.02.03"]
[SourceVersion "1"]
[SourceVersionDate "2004.02.03"]
[SourceQuality "1"]
[WhiteTeam "Serbia & Montenegro"]
[BlackTeam "Ukraine"]
[WhiteTeamCountry "YUG"]
[BlackTeamCountry "UKR"]

1. e4 e5 2. Nf3 Nc6 3. Bb5 a6 4. Ba4 Nf6 5. O-O Be7 6. Re1 b5 7. Bb3 d6 8. c3
O-O 9. h3 Na5 10. Bc2 c5 11. d4 Nd7 12. Nbd2 exd4 13. cxd4 Nc6 14. d5 Nce5 15.
Nxe5 Nxe5 16. f4 Ng6 17. Nf3 Bh4 $146 {[%mdl 8]} (17... f5 {Has been played
several times with good results for Black. Ponomariovs choice has the
advantage of avoiding the forced draw that can result after 17. - f5.} 18. e5
dxe5 19. fxe5 Bb7 20. d6 Bh4 21. Nxh4 {leads to a draw.} (21. Rf1 Bg3 22. Ng5
Nh4 23. Qh5 h6 24. Ne6 Qb6 $13 {0-1 Korneev,O-Nenashev,A/Jakarta 1997/EXT 2000
(63)} 25. Qe2 Bxg2 26. Be3 Qc6 27. Nxf8 Rxf8 $13 {0-1 Korneev,O-Graf,A/Jakarta
1997/EXT 2000 (63)}) 21... Qxh4 (21... Nxh4 22. e6 $16) 22. e6 Qg3 23. Re2 Nh4
24. Qd3 Nf3+ 25. Kf1 Nh2+ $11) 18. Nxh4 (18. Rf1 Bg3 $15) 18... Qxh4 19. f5 {
More or less forced.} (19. e5 Nxf4 20. Bxf4 Qxf4 21. Qd3 g6 22. e6 Qf6 $17) (
19. Rf1 {allows a draw (if Black wants it) with} Bxh3 20. gxh3 Qg3+ $11) 19...
Ne5 {The N is strong on e5 but it can be exchanged. Who is better? Well, the
situation looks fairly balanced. White has a space advantage and Black has a
flexible P-majority on the Q-side.} 20. Rf1 Bd7 21. Bf4 Qe7 22. Qe1 {White
would like to develop an attack on the Black K.} (22. g4 $5 {seems more in the
spirit of the position. White must play hard on the K-side to balance Black´s
Q-side play.}) 22... f6 23. Qg3 Rfe8 24. b3 a5 25. Bd1 Qd8 26. Bh5 Re7 27. Kh2
Be8 28. Bxe8 (28. Be2 {is better.}) 28... Qxe8 29. Rae1 a4 $15 {Black has all
the play there is.} 30. Re3 b4 31. Qh4 Kh8 32. Bxe5 Rxe5 33. Qf4 axb3 34. axb3
Ra2 35. Rfe1 Kg8 36. Rg3 Ra7 37. Rge3 Qc8 38. Rg3 Qa6 39. Rge3 Qa2 40. Qf1 Ra5
41. Rg3 Qb2 42. Qf4 Ra7 43. Qf1 Re8 44. e5 $6 {Slightly desperate, but the
position was not very inspiring.} fxe5 45. f6 e4 46. Rg5 Qd2 47. h4 Rf7 48. Qb5
Ref8 49. fxg7 Qf4+ 50. g3 Qf2+ 51. Kh3 Rxg7 52. Rxg7+ Kxg7 53. Qd7+ Rf7 54.
Qg4+ Kh8 55. Ra1 Rf8 {Premature ending to the game. Perhaps White lost on time.
} (55... Rf8 56. Qxe4 Qf5+ 57. Qxf5 Rxf5 58. Rd1 Rf3 59. Re1 Rxb3 60. Re6 Rd3
61. Rxd6 c4 62. Rb6 b3 63. d6 Kg7 $19) 0-1

[Event "EU-chT (Men) 14th"]
[Site "Plovdiv"]
[Date "2003.10.20"]
[Round "9.1"]
[White "Ponomariov, Ruslan"]
[Black "Van Wely, Loek"]
[Result "1-0"]
[WhiteElo "2718"]
[BlackElo "2654"]
[Annotator "Erenburg,S"]
[PlyCount "115"]
[EventDate "2003.10.10"]
[EventType "team-swiss"]
[EventRounds "9"]
[EventCountry "BUL"]
[SourceTitle "CBM 098"]
[Source "ChessBase"]
[SourceDate "2004.02.03"]
[SourceVersion "1"]
[SourceVersionDate "2004.02.03"]
[SourceQuality "1"]
[WhiteTeam "Ukraine"]
[BlackTeam "Netherlands"]
[WhiteTeamCountry "UKR"]
[BlackTeamCountry "NED"]

1. e4 c5 2. Nf3 Nc6 3. Bb5 g6 4. O-O Bg7 5. c3 Nf6 6. Re1 {Other ways to fight
for an advantage are:} (6. Qa4 {1/2-1/2 Svidler,P-Gelfand,B/Rethymnon 2003/CBM
98/[Erenburg] (30)}) (6. e5 Nd5 7. d4 {0-1 Vydeslaver,A-Fressinet,L/Rethymnon
2003/CBM 98/[Erenburg] (40)}) 6... O-O 7. h3 {More popular is} (7. d4 d5 {
Rozentalis,E-Nataf,I/Montreal 2003/CBM 97_01/[Erenburg] (29)}) 7... Qb6 {
Black has other theoretical possibilities:} (7... d5 {1/2-1/2 Kveinys,
A-Sarakauskas,G/Vilnius 2002/CBM 90/[Rabinovich,Al] (46)}) (7... Qc7 $1 8. d4
cxd4 9. cxd4 d5 10. e5 Ne4 11. Nc3 Nxc3 12. bxc3 Na5 13. Ba3 Bd7 $1 $132 {
[%cal Gc7c3,Ra5c4] 0-1 Christiansen,L-Gurevich,D/Salt Lake City 1999/CBM 73 
(60)}) (7... e5 {0-1 Kveinys,A-McShane,L/Germany 2002/CBM 88/[McShane] (69)})
8. Na3 d5 {attacking white's centre. Black waits for white's e4-e5 to transfer
the knight to c7 via e8. Black can play more solid:} (8... d6 9. d3 e5 10. Be3
a6 11. Nc4 Qc7 12. Bxc6 Qxc6 $15 {0-1 Campora,D-Yakovich,Y/Santo Antonio 1999/
CBM 70 ext (88)}) 9. e5 {seems more principal, than} (9. d3 {0-1 Wells,
P-Harikrishna,P/Torquay 2002/CBM 91/[Rabinovich,Al] (27)}) 9... Ne8 10. d4 ({
Interesting alternative is} 10. d3 Nc7 11. Ba4 Ne6 12. Nc2 d4 $5 13. cxd4 Ncxd4
14. Ncxd4 cxd4 15. Bb3 $14 {/= 1-0 Smyslov,V-Polgar,Z/Prague 1995/CBM 48 (29)})
10... cxd4 11. cxd4 (11. Bxc6 bxc6 12. cxd4 Nc7 {-12...bxc6 variation.} (12...
c5 13. dxc5 $1 Qxc5 14. Bg5 $1 $16)) 11... Nc7 12. Bxc6 Qxc6 ({Deserves
attention:} 12... bxc6 {, opening the "b" file for a rook. Sometimes black can
provide the breakthrough c6-c5.} 13. Re3 Bf5 14. Rc3 Ne6 15. Rb3 Qa6 16. Ng5 c5
17. Nxe6 Bxe6 $15 {1/2-1/2 Schleifer,M-Kogan,A/Montreal 2000/CBM 79 (66)}) 13.
Qb3 $146 {According to Megadatabase, this position appeared for the first time.
In the previous game white tried} (13. Be3 Bd7 14. Qd2 Rfc8 15. Rec1 Qb6 16.
Rc3 Ne6 17. Rb3 Qc7 18. Ne1 (18. Bh6 $5 $14) 18... b6 $11 {1/2-1/2
Chiburdanidze,M-Simic,S/Baden-Baden 1987/TD (24)}) 13... Ne6 {Black occupies
the excelent square by the knight and intends to play f7-f6, thus, putting
pressure on the white's centre. The disadvantage of this move, that black
remains with passive light-squared bishop.} (13... Bf5 {comes to consideration.
} 14. Be3 Qd7) 14. Be3 {with following occupation of "c" file by the rook.} f6
15. Rac1 (15. exf6 exf6 16. Rac1 {-16.exf6.}) 15... Qd7 16. Nc2 {The knight is
going to be transfered to d3 via b4-d3, thus white strengthens the e5 square.}
({White gets nothing after} 16. exf6 exf6 17. Nb5 b6 18. Bd2 Rf7 $1 {[%cal
Ga7a6]} (18... Re8 19. Nc7 $1 Nxc7 20. Rxc7 Rxe1+ 21. Nxe1 Qd8 22. Bf4 Be6 23.
Nc2 $14) 19. Rxe6 Qxe6 20. Nc7 Rxc7 21. Rxc7 Bd7 $11) 16... b6 {The only way
to get the light-squared bishop into the game.} 17. Nb4 Bb7 18. Nd3 g5 {
In my opinion, black should change the rook as soon as possible, as he suffers
from lack of space:} (18... Rac8 19. Qa3 Rxc1 20. Rxc1 a5 $11) 19. Bd2 h6 {
Now black is ready to play f6-f5, so white robs from him this possibility:} 20.
exf6 exf6 21. a4 $14 {The position is near to equality, but it is clear, that
the sides play only on two results (1:0 or draw). I would prefer to play white,
as black's pair of bishops are passive in this close position and white has a
slight space advantage.} Rab8 22. a5 Ba8 $6 ({More principle was to occupy the
a6-f1 diagonal by the light-squared bishop.} 22... Ba6 23. axb6 $5 Rxb6 $5 (
23... axb6 24. Nb4 Bc4 25. Qc2 $14) 24. Nb4 Bc4 25. Qa3) 23. axb6 axb6 24. Nb4
$1 {keeping in the mind an option of transfering the queen on the kingside via
d3.} Nc7 (24... Rfe8 25. Na6 Rb7 26. Re3 $14) (24... Rbc8 25. Qd3 $14) 25. Re3
h5 {sometimes threatening the breakthrough g5-g4, after which black can occupy
the h6-c1 diagonal by the dark-squared bishop.} (25... Rfe8 26. Rce1 $14) 26.
Qd3 (26. Qc2 Nb5 {-see the game.}) 26... Nb5 27. Rce1 Rbe8 28. Nc2 {intending
to transfer the knight to e3 after a change of the rooks.} Re4 (28... Rxe3 29.
Nxe3 Re8 30. Nf5 $16) 29. Bc3 ({Interesting was} 29. Bb4 {, robbing from black
the resourse of g5-g4.} Rfe8 30. Nd2 Rxe3 31. Rxe3 Bc6 32. Rxe8+ Qxe8 33. Ne3
$14) 29... Rfe8 {In my opinion, black had to change the character of the
struggle with aggressive} (29... g4 30. hxg4 hxg4 31. Nd2 Rxe3 32. Nxe3 (32.
Rxe3 Nxc3 33. bxc3 Bh6 $11) 32... f5 33. Bb4 Re8 34. Nb3 f4 35. Nxg4 Rxe1+ 36.
Bxe1 Qxg4 37. Qxb5 f3 $44) 30. Qd1 $6 {Again white gives black chance to open
the dark-squared bishop.} ({Better is} 30. Nd2 $14) 30... Nd6 $6 ({Why not} 
30... g4 31. Nd2 Rxe3 32. Rxe3 Rxe3 33. Nxe3 f5 $11 {?}) 31. Nd2 Rxe3 32. Nxe3
(32. Rxe3 g4 $11) 32... h4 $2 {In my opinion, quite serious strategical
mistake. It's not particularly logical to locate the pawns on the dark squares,
because it is limitting the possibilities of the dark-squared bishop. More to
the point was} (32... g4 33. Bb4 Nb5 (33... gxh3 34. Bxd6 Qxd6 35. Qxh5 $16)
34. hxg4 hxg4 35. Nf5 Rxe1+ 36. Qxe1 Qxf5 37. Qe8+ Kh7 38. Qxb5 Qe6 $11) 33.
Bb4 {preventing f6-f5, and, at the same time, threatening the occupation of f5
square.} Ne4 34. Nxe4 Rxe4 35. f3 Re8 (35... Re6 36. Qd3 Qe8 37. Bd2 $14) 36.
Qd3 Bc6 37. Kf2 (37. Bd2 $5) 37... Qf7 38. Nf5 {White's chances are obviously
better, as black's bishops are passive. In case of the trade of dark-squared
bishops, white will have a powerful combination of Q+N.} Rxe1 39. Kxe1 Bd7 40.
Ne7+ Kh8 41. f4 $1 {[%cal Gd3e3] Very strong move. White is going to create
some weaknesses in the black camp.} gxf4 42. Ng6+ Kg8 43. Kf2 (43. Nxf4 f5 44.
Kf2 {-the game.}) 43... f5 44. Nxf4 $14 Qe8 $2 {There was no reason to give on
central pawn. This mistake is typical for time-trouble situation...} (44... Qf6
45. Bc3 Qd6 46. Qf3 Be6 $14) 45. Nxd5 Bb5 46. Qd1 ({Only not} 46. Qd2 Qe4) (46.
Qe3 {seems strong as well:} Qxe3+ 47. Kxe3 Bf1 (47... Kf7 48. Nxb6 Bf1 49. Kf2
Bxd4+ 50. Kxf1 Bxb6 51. Ke2 $18) 48. Nf4 Bh6 49. Kf2 $16) 46... Kh7 (46... Qe4
47. Ne7+ Kf7 48. Qh5+ $18) 47. Nc3 (47. Nxb6 $2 Qe4 48. Bc5 Bf6 $1 $44 {
[%cal Gb5d3]} (48... Bd3 49. Qh5+ Kg8 50. Qg5)) (47. Nc7 {is also legitimic
way to get an advantage:} Ba4 (47... Qd7 48. Nxb5 Qxb5 49. Qh5+ Kg8 50. Bc3 $18
{[%cal Gh5h4]}) 48. b3 Qe4 49. bxa4 Bxd4+ 50. Kf1 Qf4+ 51. Qf3 Qc1+ 52. Ke2
Qc4+ 53. Qd3 Qxb4 54. Qxf5+ Kh8 55. Qc8+ Kh7 56. Qd7+ $16) 47... Bd7 (47... Bc6
$142) 48. Bd6 $1 $16 {[%cal Gd6e5]} Qe6 $2 ({More resistant was} 48... Bc6 49.
Bf4 $16) 49. Be5 {Changing one of the black's bishops, white gets a decisive
advantage.} Bxe5 ({Doesn't change too much:} 49... Kg8 50. Bxg7 Kxg7 51. Qd2
$18) 50. dxe5 Bc6 51. Qd4 $18 {White is a pawn up. The Q+N are much stronger
here, than Q+B, also black has too much weaknesses, so the rest is a matter of
technique.} Kg7 52. Ne2 $1 {transfering the knight to f4.} Qg6 53. e6+ {
winning another pawn.} Qf6 (53... Kg8 54. Qd8+ $18) 54. Qxb6 Qxe6 (54... Be4 {
doesn't help black at all:} 55. Qc7+ Kg8 56. Qd6 $18) 55. Nd4 {winning a
bishop.} Qd5 56. Nxc6 Qd2+ 57. Kf3 Qd3+ 58. Kf4 1-0

[Event "Cap d'Agde-A"]
[Site "Cap d'Agde"]
[Date "2003.10.25"]
[Round "3"]
[White "Ponomariov, Ruslan"]
[Black "Bareev, Evgeny"]
[Result "1-0"]
[WhiteElo "2718"]
[BlackElo "2739"]
[Annotator "Finkel,A"]
[PlyCount "75"]
[EventDate "2003.10.24"]
[EventType "tourn (rapid)"]
[EventRounds "7"]
[EventCountry "FRA"]
[EventCategory "19"]
[SourceTitle "CBM 098"]
[Source "ChessBase"]
[SourceDate "2004.02.03"]
[SourceVersion "1"]
[SourceVersionDate "2004.02.03"]
[SourceQuality "1"]

1. e4 e6 2. d4 d5 3. Nc3 dxe4 4. Nxe4 Nd7 5. Nf3 Ngf6 6. Bg5 h6 7. Nxf6+ Nxf6
8. Bh4 c5 9. Ne5 (9. Bd3 cxd4 10. Nxd4 Be7 (10... Bc5 11. Nf3 O-O 12. O-O b6
13. Qe2 Bb7 14. Rad1 Qc7 15. Ne5 Rfd8 16. Kh1 Rd4 17. f4 $14 {Fedorchuk,
S-Mirzoev,A/Calicut 1998}) 11. O-O O-O 12. c3 Nd5 13. Bxe7 Qxe7 14. Re1 Qc7 $5
15. a4 $5 Bd7 $13 {Kovacevic,A-Antic,D/Banja Koviljaca 2002/CBM 89}) (9. c3
cxd4 10. Nxd4 Be7 11. Bb5+ Bd7 12. Qb3 Bxb5 13. Qxb5+ Qd7 14. Qxd7+ Nxd7 15.
Bxe7 Kxe7 16. O-O-O Rhc8 17. Rhe1 {1/2-1/2 Sax,G-Psakhis,L/Manila 1992/TD (17)}
) (9. Bc4 cxd4 10. O-O (10. Qxd4 Qxd4 11. Nxd4 a6 12. a4 Bd7 13. f3 Rc8 14. Bb3
Bc5 15. O-O-O Rd8 16. Rd3 $14 {Dutreeuw,M-Arkhipov,S/Miskolc 1990}) 10... Be7 (
10... Bc5 11. Qe2 O-O 12. Rad1 Qb6 13. Bxf6 gxf6 14. Nxd4 Qxb2 15. Rd3 $40 {
Kling,T-Vuksanovic,S/Erevan olw 1996 (25)}) 11. Qe2 a6 12. Rad1 b5 $6 13. Bb3
Nd7 $6 (13... Bb7 14. Nxd4 Qb6 15. Rd3 Rd8 16. Rfd1 O-O 17. Nf5 $14) 14. Qe4 $1
$16 {Morozevich,A-Ulibin,M/Maikop 1998}) (9. Bxf6 gxf6 10. Be2 cxd4 11. Nxd4
Bc5 12. Nb3 Qxd1+ 13. Rxd1 Bb6 14. Bf3 Rb8 $11 {Huebner,R-Rivas Pastor,M/
Manila 1992}) (9. dxc5 Qa5+ (9... Qxd1+ 10. Rxd1 Bxc5 11. Be2 Ke7 12. Ne5 g5
13. Bg3 Ne4 14. Bh5 Rf8 15. Bf3 $14 {Vallejo Pons,F-Kaminski,M/WchJM-U18 1995 
(42)}) 10. Qd2 Qxd2+ 11. Nxd2 Bxc5 12. O-O-O O-O 13. Bxf6 gxf6 14. Ne4 Be7 15.
Be2 f5 16. Nd6 Rd8 $11 {Toth,A-Borcsok,L/HUN 1995}) (9. Be2 Be7 10. O-O O-O 11.
c3 Qb6 12. Qc2 Rd8 13. Rfd1 Bd7 14. a4 Rac8 $132 {Mirumian,V-Zifroni,D/
EUchJM-U18 1994 (42)}) 9... a6 (9... Qxd4 10. Bb5+ Nd7 $2 (10... Bd7 11. Nxd7
Nxd7 12. c3 Qe5+ 13. Kf1 Qc7 14. Qa4 Be7 15. Bg3 e5 $13 {Erdogdu,M-Spasov,V/
Istanbul 2003}) 11. Qe2 Qxh4 12. g3 Qb4+ 13. c3 Qa5 14. O-O-O Be7 15. Rxd7 $1
$18 {Boersma,J-Span,P/Amsterdam 2002}) (9... Qa5+ 10. c3 cxd4 11. Qxd4 Bc5 12.
Qf4 Bd6 13. Bg3 O-O 14. Be2 Nd7 15. Nc4 $14 {Nataf,I-Kosic,D/Budva 2002}) 10.
dxc5 Qa5+ 11. c3 Qxc5 12. Bg3 (12. Qe2 Be7 13. O-O-O O-O 14. f4 b5 15. Kb1 Bb7
16. Bf2 Qc7 17. Rg1 Rad8 18. Rc1 Bc5 $15 {Acs,P-Jeremic,V/Rethymnon 2003/CBM 98
}) 12... Bd6 13. Ng4 $5 Bxg3 $6 {Not that black is doomed to lose after this
move, but safer was to retreat to e7 with the bishop.} (13... Nd5 14. Bxd6 Qxd6
15. Bc4 O-O 16. Bxd5 exd5 17. Ne3 $14) (13... Be7 14. Nxf6+ Bxf6 15. Be2 (15.
Bd6 Qc6 16. Qd3 e5 17. O-O-O Be6 $15) 15... Bd7 16. O-O Bc6 $11) 14. Nxf6+ gxf6
15. hxg3 $14 {[%csl Rh6]} Bd7 16. Rh4 Rd8 (16... Bc6 17. Qd4 Qxd4 18. Rxd4 Ke7
19. O-O-O Rad8 20. Rh4 Rxd1+ 21. Kxd1 e5 $11) 17. Qd4 Qxd4 18. Rxd4 Bc6 19.
Rad1 Rxd4 20. Rxd4 Ke7 21. Be2 e5 22. Rh4 f5 (22... a5 23. Bf3 Bxf3 24. gxf3 b6
25. Ke2 Kd6 26. Ke3 $14) 23. Bf3 e4 $6 {The idea of putting the pawns on the
light squares is quite dubious, even though also after the trade of the
bishops blavk faces certain problems.} (23... Bxf3 24. gxf3 f4 25. gxf4 exf4
26. Rxf4 h5 27. Rh4 Kf6 28. Kf1 Kg5 29. Rb4 $14) 24. Be2 Kf6 25. Kd2 $16 Kg5
26. Ke3 h5 {[%csl Rh5]} (26... a5 27. Rh5+ Kf6 28. Kf4 Bd7 29. g4 $16) 27. c4
Bd7 28. Rh1 $1 Be6 29. b3 a5 30. Rd1 Rh6 $6 {[%cal Gh5h4]} 31. Rd8 h4 32. gxh4+
Rxh4 33. g3 Rh3 34. Rb8 f4+ 35. Kxe4 f5+ $2 (35... fxg3 36. Rg8+ Kf6 (36... Kh4
$2 37. Kf4 $18) 37. Rxg3 $16) 36. Ke5 $18 fxg3 37. f4+ Kg6 38. Kxe6 1-0